| 000 | 00986nas a2200313 4500 | ||
|---|---|---|---|
| 001 | BR2019002013 | ||
| 003 | BR-BrBNA | ||
| 005 | 20231205132019.0 | ||
| 007 | ta | ||
| 008 | 230509b bl.|||p| |||| 00| 00por d | ||
| 040 |
_aBR-BrBNA _bpor _cBiblioteca Nacional de Agricultura |
||
| 041 | _a(En) | ||
| 072 | _aH20 | ||
| 100 | 1 | _aDomiciano, G.P. | |
| 100 | 1 | _aAraujo, L. | |
| 100 | 1 | _aDuarte, H.S.S. | |
| 100 | 1 | _aFreitas, C.C. | |
| 100 | 1 | _aEinhardt, A.M. | |
| 100 | 1 | _aRodrigues, F.A. | |
| 245 | 1 | _aNutritional status of rice plants supplied with silicon in response to Pyricularia oryzae infection | |
| 650 | _aARROZ | ||
| 650 | _aDOENÇA FÚNGICA | ||
| 650 | _aSILÍCIO | ||
| 650 | _aNUTRIÇÃO VEGETAL | ||
| 773 | 0 |
_tBragantia (Brazil) _xISSN 1678-4499 _g(Oct-Dec 2019), v. 78(4) p. 573-578 _wBR2019002013 |
|
| 856 | 4 | 0 | _uhttp://www.scielo.br/pdf/brag/v78n4/0006-8705-brag-1678-449920180357.pdf |
| 909 |
_a202311 _bLúcia _c55 _dLúcia Elande |
||
| 942 |
_2AGRIS _n0 _cANA |
||
| 999 |
_c257966 _d257966 |
||